Flipside

Detalles Bibliográficos
Formato: Electrónico Revista
Lenguaje:inglés
Publicado: York, Pennsylvania : York Newspaper Company
Materias:
Acceso en línea:Full text available from Research Library: 01/13/1995 to 10/26/2015

MARC

LEADER 00000nas a2200000 i 4500
001 ssj0001073062
003 WaSeSS
005 20200512172242.0
006 m d
007 cr n
008 131227c19uu9999pauw| p|s|||||| |0eng d
035 |a (WaSeSS)ssj0001073062 
040 |a WaSeSS  |b eng  |c WaSeSS  |d WaSeSS 
043 |a n-us-pa 
050 1 4 |a F146 
245 0 0 |a Flipside  |h [electronic resource]. 
246 1 |a Flip side 
260 |a York, Pennsylvania :  |b York Newspaper Company 
310 |a Weekly 
506 |a License restrictions may limit access. 
588 |a Description based on: January 13, 1995; title from title screen (ProQuest, viewed Dec. 12, 2013). 
588 |a Latest issue consulted: December 11, 2013 (viewed Dec. 12, 2013). 
651 0 |a Pennsylvania  |v Newspapers. 
651 0 |a York (Pa.)  |v Newspapers. 
655 0 |a Electronic journals. 
856 4 0 |z Full text available from Research Library: 01/13/1995 to 10/26/2015  |u https://search.proquest.com/publication/22754